Alternating current machines / (Record no. 180587)
[ view plain ]
| 000 -LEADER | |
|---|---|
| fixed length control field | 00858 a2200181 4500 |
| 003 - CONTROL NUMBER IDENTIFIER | |
| control field | Nust |
| 005 - DATE AND TIME OF LATEST TRANSACTION | |
| control field | 20221031090500.0 |
| 040 ## - CATALOGING SOURCE | |
| Transcribing agency | Nust |
| 082 ## - DEWEY DECIMAL CLASSIFICATION NUMBER | |
| Classification number | 621.3133,COT |
| 100 ## - MAIN ENTRY--PERSONAL NAME | |
| Personal name | Cotton, H. |
| 9 (RLIN) | 40193 |
| 245 ## - TITLE STATEMENT | |
| Title | Alternating current machines / |
| Statement of responsibility, etc. | H. Cotton |
| 260 ## - PUBLICATION, DISTRIBUTION, ETC. | |
| Place of publication, distribution, etc. | Cleaver-Hume Press |
| Name of publisher, distributor, etc. | London |
| Date of publication, distribution, etc. | 1952 |
| 300 ## - PHYSICAL DESCRIPTION | |
| Extent | 303 p |
| Other physical details | illus |
| Dimensions | 19 cm |
| 505 ## - FORMATTED CONTENTS NOTE | |
| Formatted contents note | The Rotating Magnetic Field (Page-9), The Alternator(Page-43), Alternator Characteristics(Page-69), The Poly Phase Induction Motor (Page-95), Starting and Speed Control Of Induction Motor(Page-125), The Synchronous Motor (Page-165), The Synchronous Induction Motor(Page-191), Poly Phase Commutator (Page-205), Single Phase Motor (Page-232), The Conversion of Alternation to Direct Currents (Page-264). |
| 600 ## - SUBJECT ADDED ENTRY--PERSONAL NAME | |
| Personal name | Cotton H |
| 9 (RLIN) | 40193 |
| 650 ## - SUBJECT ADDED ENTRY--TOPICAL TERM | |
| Topical term or geographic name entry element | Alternating current machines |
| 9 (RLIN) | 101731 |
| 942 ## - ADDED ENTRY ELEMENTS (KOHA) | |
| Source of classification or shelving scheme | |
| Koha item type | Book |
| Withdrawn status | Lost status | Source of classification or shelving scheme | Damaged status | Not for loan | Permanent Location | Current Location | Shelving location | Date acquired | Full call number | Barcode | Date last seen | Price effective from | Koha item type | Public note |
|---|---|---|---|---|---|---|---|---|---|---|---|---|---|---|
| Military College of Signals (MCS) | Military College of Signals (MCS) | General Stacks | 12/12/2016 | 621.3133,COT | MCS5321 | 12/08/2016 | 12/12/2016 | Book | Almirah No.29, Shelf No.2 | |||||
| Military College of Signals (MCS) | Military College of Signals (MCS) | General Stacks | 12/12/2016 | 621.3133,COT | MCS6949 | 12/08/2016 | 12/12/2016 | Book | Almirah No.29, Shelf No.2 |
